| 000 -LEADER |
| fixed length control field |
00780nam a22001217a 4500 |
| 040 ## - CATALOGING SOURCE |
| Transcribing agency |
RUA |
| 082 ## - DEWEY DECIMAL CLASSIFICATION NUMBER |
| Classification number |
LMA NAL 2025 B701 Or.1 |
| 100 ## - MAIN ENTRY--AUTHOR NAME |
| Personal name |
NAL PHANET, ណាល់ ផានិត |
| 245 ## - TITLE STATEMENT |
| Title |
Study on land use plans that supports the delelopment of road infrastrue in tromoungcommune, memot district, tbong khmum, province, សិក្សាអំពីផែនការប្រើប្រាស់ដីធ្លីដែលគាំទ្រលើការរៀបចំហេដ្ឋារចនាសម្ព័ន្ធផ្លូវថ្នល់ នៅក្នុងឃុំត្រមូន ស្រុកមេមត់ ខេត្តត្បូងឃ្មុំ |
| 260 ## - PUBLICATION, DISTRIBUTION, ETC. (IMPRINT) |
| Place of publication |
PHNOM PENH |
| Name of publisher |
RUA |
| Year of publication |
2025 |
| 300 ## - PHYSICAL DESCRIPTION |
| Number of Pages |
xii,44p. |
| Other physical details |
ill. |
| Dimensions |
29cm. |
| 942 ## - ADDED ENTRY ELEMENTS (KOHA) |
| Koha item type |
LMA |
| 952 ## - LOCATION AND ITEM INFORMATION (KOHA) |
| Withdrawn status [LOCAL, KOHA] |
0 |
| 952 ## - LOCATION AND ITEM INFORMATION (KOHA) |
| Withdrawn status [LOCAL, KOHA] |
0 |